000 00485nam a2200169Ia 4500
008 180921t2015 xxu||||| |||| 00| 0 sin d
041 _asin
080 _a371
_bBAL
100 _aBalasuriya, A.S.
245 _aවිශිෂ්ඨ පාසලක් හදන කළමනාකරණය
246 _aVishishta Pasalak Hadana Kalamanakaranaya
260 _bGodage
_aColombo
_c2015
300 _b144p, 22cm
942 _cBK
999 _c714
_d714
003 LK-CoDNM
040 _aLK-CoDNM
_dLK-CoDNM
_eLK-CoDNM